[Event "Khomeyn Aftab Cup op 3rd"]
[Site "Khomeyn"]
[Date "2019.08.24"]
[Round "2"]
[White "Mozaffari, Alireza"]
[Black "Daghli, Arash"]
[Result "0-1"]
[WhiteElo "2192"]
[BlackElo "2351"]
[PlyCount "144"]
[EventDate "2019.08.23"]
[EventType "swiss"]
[EventRounds "9"]
[EventCountry "IRI"]
[SourceTitle "EXT 2020"]
[Source "ChessBase"]
[SourceDate "2019.10.17"]
[SourceVersion "1"]
[SourceVersionDate "2019.10.17"]
[SourceQuality "1"]

1. d4 Nf6 2. c4 g6 3. Nc3 Bg7 4. e4 d6 5. Be2 0-0 6. Be3 c5 7. dxc5 Qa5 8. f3 dxc5 9. e5 Rd8 10. Bd2 Bh6 11. f4 Bxf4 12. Nf3 Bxd2+ 13. Nxd2 Ne8 14. Nd5 Nc6 15. b4 cxb4 16. Nb3 Qa3 17. Nxe7+ Kg7 18. Nd5 Be6 19. 0-0 Qb2 20. Bf3 Rac8 21. Rf2 Qxe5 22. Qd2 Nd6 23. Re1 Nxc4 24. Qc1 Qd6 25. Nf6 N6e5 26. Qg5 Nd3 27. Nh5+ Kf8 28. Qh6+ Ke7 29. Qg5+ Kd7 30. Qb5+ Rc6 31. Qxb7+ Rc7 32. Nf6+ Ke7 33. Nd5+ Kf8 34. Nxc7 Nxe1 35. Nxe6+ Qxe6 36. Bg4 f5 37. Qxb4+ Kg8 38. Re2 Nd3 39. Rxe6 Nxb4 40. Be2 Nd6 41. Re7 Nxa2 42. Rxa7 Nc3 43. Bf3 Nde4 44. h4 Rd6 45. Rc7 h6 46. Nc5 Nd2 47. Kf2 g5 48. hxg5 hxg5 49. Rd7 Rxd7 50. Nxd7 Kg7 51. Ke3 Nxf3 52. gxf3 Kg6 53. Kd4 Ne2+ 54. Ke3 Nf4 55. Kd4 Nh3 56. Ke5 f4 57. Ke6 Kh5 58. Kf5 Kh4 59. Ne5 Kg3 60. Ke4 Ng1 61. Kf5 Nxf3 62. Nd3 Nd4+ 63. Kxg5 f3 64. Kf6 Nc6 65. Kf5 Nb4 66. Nc5 Kg2 67. Ne4 Nd3 68. Kg6 Nc5 69. Nd2 f2 70. Kh5 Ne4 71. Nc4 Kf3 72. Ne5+ Ke2 0-1

[Event "Asia-ch U20 Rapid"]
[Site "Shiraz"]
[Date "2017.05.02"]
[Round "7.8"]
[White "Gholami Orimi, Mahdi"]
[Black "Mozaffari, Alireza"]
[Result "1-0"]
[WhiteElo "1900"]
[BlackElo "1962"]
[PlyCount "51"]
[EventDate "2017.05.02"]
[EventType "swiss (rapid)"]
[EventRounds "7"]
[EventCountry "IRI"]
[SourceTitle "EXT 2024"]
[Source "ChessBase"]
[SourceDate "2023.10.10"]
[SourceVersion "1"]
[SourceVersionDate "2023.10.10"]
[SourceQuality "1"]

1. d4 Nf6 2. c4 c5 3. d5 b5 4. cxb5 a6 5. bxa6 Bxa6 6. Nc3 g6 7. g3 d6 8. Bg2 Bg7 9. Nf3 0-0 10. 0-0 Nbd7 11. Re1 Qc7 12. Rb1 Rfb8 13. b3 c4 14. b4 e6 15. dxe6 fxe6 16. Nd4 d5 17. Nxe6 Qe5 18. Nxg7 Qxc3 19. Bb2 Qxb4 20. Bxd5+ Kh8 21. Bxf6 Qf8 22. Bc3 Rxb1 23. Nh5+ Ne5 24. Bxe5+ Qf6 25. Nxf6 Rxd1 26. Ng4# 1-0

[Event "Asia-ch U20 Rapid"]
[Site "Shiraz"]
[Date "2017.05.02"]
[Round "2.8"]
[White "Mozaffari, Alireza"]
[Black "Gholami, Aryan"]
[Result "0-1"]
[WhiteElo "1962"]
[BlackElo "2223"]
[PlyCount "86"]
[EventDate "2017.05.02"]
[EventType "swiss (rapid)"]
[EventRounds "7"]
[EventCountry "IRI"]
[SourceTitle "EXT 2024"]
[Source "ChessBase"]
[SourceDate "2023.10.10"]
[SourceVersion "1"]
[SourceVersionDate "2023.10.10"]
[SourceQuality "1"]

1. d4 Nf6 2. c4 e6 3. Nf3 b6 4. Bf4 Bb7 5. e3 Bb4+ 6. Nfd2 0-0 7. a3 Be7 8. Nc3 c5 9. Bd3 cxd4 10. exd4 Bxg2 11. Rg1 Bb7 12. Bh6 g6 13. Bxf8 Qxf8 14. Qe2 Nc6 15. Nf3 Na5 16. Nd2 Rc8 17. 0-0-0 d5 18. Kb1 dxc4 19. Nxc4 Nxc4 20. Bxc4 Bxa3 21. bxa3 Qxa3 22. Na2 Bf3 23. Qc2 Be4 24. Rd3 Rxc4 25. Rxa3 Rxc2 26. Ka1 Rxf2 27. Rxa7 Rxh2 28. Rf1 Rh1 29. Rxh1 Bxh1 30. Nc3 h5 31. Nd1 Bf3 32. Nf2 g5 33. Kb2 g4 34. Kc2 h4 35. Kd2 Ne4+ 36. Nxe4 Bxe4 37. Ke3 Bf3 38. Kf4 h3 39. Kg3 f5 40. Re7 f4+ 41. Kh2 Bg2 42. Rxe6 g3+ 43. Kg1 Bd5 0-1